Estatísticas para Campeões Cearenses

Clique aqui para jogar o quiz

Estatísticas Gerais

  • Esse quiz foi jogado 29 vezes
    (27 desde o último reset)
  • A pontuação média é 99 de 110

Estatísticas das Respostas

ANOCAMPEÕES% Correto
1915 | 1916 | 1917 | +41 othersceara
100%
1992ceara
100%
1987 | 1991 | 1992fortaleza
100%
1920 | 1921 | 1923 | +38 othersfortaleza
100%
1945 | 1950 | 1952 | +6 othersferroviario
84%
1992icasa
68%
1935 | 1966america
32%
1992tiradentes
24%
1929 | 1936 | 1943 | 1944maguari
20%
1955calouros do ar
16%
1956gentilandia
12%
1930orion
12%
1940tramways
12%

Distribuição das Pontuações

Percentil de Números Respondidos

Porcentagem de Pessoas com Cada Pontuação

Sua Pontuação Histórica

Você não jogou esse quiz desde o último reset